[Event "46th GRE-chT Premier 2018"]
[Site "Rio Achaia"]
[Date "2018.07.12"]
[Round "4"]
[White "Chatzieleftheriou, Andreas"]
[Black "Vlachos, Anatole"]
[Result "1-0"]
[WhiteElo "2012"]
[BlackElo "2428"]
[Annotator "TA"]
[PlyCount "79"]
[EventDate "2018.07.10"]
[EventType "team-tourn"]
[EventCountry "GRE"]
[SourceTitle "playchess.com"]
[Source "ChessBase"]
[SourceQuality "1"]

{[%evp 11,79,30,45,41,49,49,28,14,33,28,20,8,18,0,23,18,32,0,0,-15,-5,-5,-5,-43,-53,-59,-62,-45,-60,-54,48,0,30,31,48,0,91,93,131,125,141,148,171,157,196,170,319,229,228,236,697,641,1709,1654,12832,12477,29978,29972,29972,29973,12835,12827,29975,29977,29975,29977,29981,29982,29989,29989]} 1. e4 {[%cal Be2e4,Be4e5][%mdl 32]} c5 2. Nf3 d6 3. Bb5+ Nc6 4. Bxc6+ bxc6 5. e5 Bg4 {[%cal Bc8g4,Bg4h5,Bh5g6][%mdl 32]} (5... dxe5 6. Nxe5 f6 7. Qh5+ g6 8. Nxg6 hxg6 9. Qxh8 Qd5 10. O-O Kf7 11. Nc3 Qd4 12. d3 Bg7 {1-0 (21) Caruana,F (2787)-Nakamura,H (2793) Saint Louis 2015 CBM 169 Extra [Ramirez Alvarez,Alejandro]}) 6. h3 {B51: Sicilian: Moscow Variation (3 Bb5+) without 3...Bd7} Bh5 {LiveBook: 8 Games} 7. d3 e6 8. exd6 {White is slightly better.} Bxd6 9. Nc3 Nf6 10. Qe2 Qc7 $146 11. g4 Bg6 12. b3 O-O 13. Bb2 Bf4 14. Na4 e5 {...Rae8 is the strong threat.} 15. Nh4 e4 16. Nxg6 fxg6 17. Bxf6 ({Avoid the trap} 17. dxe4 $2 Nxe4 $1 {[%mdl 512]} 18. O-O (18. Qc4+ $2 Kh8 $19) 18... Bh2+ 19. Kh1 Rae8 $19) 17... exd3 18. Qxd3 Rae8+ $1 ({Don't play} 18... Rxf6 $6 19. O-O $11) ({But not} 18... gxf6 $6 19. Qc4+ Rf7 20. O-O $16) 19. Kf1 Rxf6 20. Kg2 $1 Be5 (20... Bg5 $1 $15 21. Nxc5 Qf4) 21. Raf1 Bd6 22. Re1 $36 {[%mdl 2048] White is more active.} Ref8 23. Re2 {[#]} Kh8 {[#]} (23... Rf3 $1 $11 {[%mdl 512] remains equal.} 24. Qxf3 Rxf3 25. Kxf3 Qf7+ 26. Kg2 Qd5+ 27. f3 Qd4) 24. Nc3 $1 $16 Rf3 25. Qxf3 Rxf3 26. Kxf3 {Threatening mate with Re8+.} h5 27. Ne4 Qf7+ 28. Kg2 Bc7 (28... Qf4 $142 29. Nxd6 Qxd6) 29. c4 {aiming for Ng5.} Qe7 30. Rhe1 Kh7 $2 (30... hxg4 31. hxg4 Kg8) 31. g5 $18 {Threatens to win with Nf6+!} Be5 {[#]} 32. f4 $1 {[%cal Bf2f4,Bf4e5][%mdl 544]} Kh8 (32... Bxf4 33. Nf6+) 33. Ng3 Qf7 34. fxe5 Qe6 35. Re4 Kg8 36. h4 Kf7 37. Rd1 {White mates.} Ke7 38. Rd6 Qc8 39. Rxg6 Qa6 40. Re2 {Precision: White = 64%, Black = 33%.} 1-0

[Event "46th GRE-chT Premier 2018"]
[Site "Rio Achaia"]
[Date "2018.07.12"]
[Round "4"]
[White "Tsivelekidou, Evgenia"]
[Black "Marinakis, Hristos"]
[Result "1-0"]
[WhiteElo "2007"]
[BlackElo "1942"]
[Annotator "NA"]
[PlyCount "55"]
[EventDate "2018.07.10"]
[EventType "team-tourn"]
[EventCountry "GRE"]
[SourceTitle "playchess.com"]
[Source "ChessBase"]
[SourceQuality "1"]
[TimeControl "40/5400+30:1800+30"]

1. d4 {[%emt 0:00:00]} d5 {[%emt 0:00:00]} 2. c4 {[%emt 0:00:00]} e6 {[%emt 0:00:00]} 3. Nf3 {[%emt 0:00:00]} c5 {[%emt 0:00:00]} 4. cxd5 {[%emt 0:00:00]} exd5 {[%emt 0:00:00]} 5. Bg5 {[%emt 0:00:14]} Be7 {[%emt 0:03:40]} 6. Bxe7 {[%emt 0:00:05]} Qxe7 {[%emt 0:01:31]} 7. Nc3 {[%emt 0:03:31]} Nf6 {[%emt 0:00:19]} 8. e3 {[%emt 0:01:40]} Nc6 {[%emt 0:03:42]} 9. Be2 {[%emt 0:03:11]} O-O {[%emt 0:01:33]} 10. dxc5 {[%emt 0:02:19]} Qxc5 {[%emt 0:01:03]} 11. O-O {[%emt 0:00:31]} Bf5 {[%emt 0:12:29]} 12. Rc1 {[%emt 0:03:50]} Qa5 {[%emt 0:16:58]} 13. Qb3 {[%emt 0:04:43]} Rab8 {[%emt 0:06:53]} 14. Rfd1 {[%emt 0:03:19]} Rfd8 {[%emt 0:00:48]} 15. Nd4 {[%emt 0:06:17]} Bg6 {[%emt 0:03:33]} 16. a3 {[%emt 0:05:37]} Qc7 {[%emt 0:07:16]} 17. Nf3 {[%emt 0:06:49]} Qa5 {[%emt 0:08:44]} 18. Qb5 {[%emt 0:06:33]} a6 {[%emt 0:02:07]} 19. Qb3 {[%emt 0:04:48]} Rd7 {[%emt 0:06:03]} 20. Na4 {[%emt 0:12:30]} Bh5 {[%emt 0:05:53]} 21. Rxc6 {[%emt 0:01:34]} Bxf3 {[%emt 0:01:13]} 22. Bxf3 {[%emt 0:03:06]} Qb5 {[%emt 0:03:47]} 23. Rc3 {[%emt 0:01:54]} d4 {[%emt 0:01:40]} 24. exd4 {[%emt 0:02:27]} Re8 {[%emt 0:01:34]} 25. Qxb5 {[%emt 0:01:40]} axb5 {[%emt 0:00:04]} 26. Nc5 {[%emt 0:00:55]} Rxd4 {[%emt 0:00:04]} 27. Rcd3 {[%emt 0:01:29]} Rxd3 {[%emt 0:00:06]} 28. Nxd3 {[%emt 0:00:05]} 1-0

[Event "46th GRE-chT Premier 2018"]
[Site "Rio Achaia"]
[Date "2018.07.12"]
[Round "4"]
[White "Kadianis, Georgios"]
[Black "Tsekmes, Dimitrios"]
[Result "0-1"]
[WhiteElo "2002"]
[BlackElo "2170"]
[Annotator "NA"]
[PlyCount "80"]
[EventDate "2018.07.10"]
[EventType "team-tourn"]
[EventCountry "GRE"]
[SourceTitle "playchess.com"]
[Source "ChessBase"]
[SourceQuality "1"]
[TimeControl "40/5400+30:1800+30"]

1. e4 {[%emt 0:00:00]} e5 {[%emt 0:00:00]} 2. Nf3 {[%emt 0:00:00]} Nc6 {[%emt 0:00:00]} 3. Nc3 {[%emt 0:00:00]} Nf6 {[%emt 0:00:02]} 4. d4 {[%emt 0:00:00]} exd4 {[%emt 0:00:11]} 5. Nxd4 {[%emt 0:00:00]} Bc5 {[%emt 0:00:33]} 6. Be3 {[%emt 0:00:14]} Bb6 {[%emt 0:00:46]} 7. Qd2 {[%emt 0:00:38]} Ng4 {[%emt 0:06:41]} 8. Nxc6 {[%emt 0:03:43]} bxc6 {[%emt 0:21:03]} 9. Bd4 {[%emt 0:00:31]} Bxd4 {[%emt 0:20:51]} 10. Qxd4 {[%emt 0:00:07]} Qf6 {[%emt 0:00:14]} 11. Qd2 {[%emt 0:05:01]} d6 {[%emt 0:04:39]} 12. h3 {[%emt 0:01:33]} Ne5 {[%emt 0:06:00]} 13. O-O-O {[%emt 0:01:48]} O-O {[%emt 0:01:31]} 14. f4 {[%emt 0:07:26]} Ng6 {[%emt 0:03:07]} 15. g3 {[%emt 0:01:28]} Rb8 {[%emt 0:01:27]} 16. Be2 {[%emt 0:03:04]} c5 {[%emt 0:05:52]} 17. Rdf1 {[%emt 0:13:01]} Bb7 {[%emt 0:01:44]} 18. Bf3 {[%emt 0:10:15]} Rfe8 {[%emt 0:01:02]} 19. Re1 {[%emt 0:04:12]} a5 {[%emt 0:03:26]} 20. h4 {[%emt 0:02:12]} Nf8 {[%emt 0:01:52]} 21. Nd1 {[%emt 0:07:58]} a4 {[%emt 0:02:28]} 22. a3 {[%emt 0:02:01]} Ne6 {[%emt 0:11:56]} 23. c3 {[%emt 0:01:28]} c4 {[%emt 0:01:40]} 24. Nf2 {[%emt 0:10:35]} Nc5 {[%emt 0:00:26]} 25. Qc2 {[%emt 0:03:13]} Bc6 {[%emt 0:02:18]} 26. Kb1 {[%emt 0:09:42]} Rb6 {[%emt 0:00:43]} 27. Ka2 {[%emt 0:00:31]} Reb8 {[%emt 0:00:36]} 28. Rb1 {[%emt 0:00:20]} Qd8 {[%emt 0:01:02]} 29. Be2 {[%emt 0:03:00]} Bb5 {[%emt 0:00:43]} 30. Rhd1 {[%emt 0:01:13]} Qc8 {[%emt 0:00:58]} 31. h5 {[%emt 0:03:55]} Qe6 {[%emt 0:00:59]} 32. Bg4 {[%emt 0:02:33]} Qe8 {[%emt 0:00:32]} 33. h6 {[%emt 0:01:07]} Nd3 {[%emt 0:00:30]} 34. hxg7 {[%emt 0:00:53]} Ba6 {[%emt 0:00:19]} 35. Bf5 {[%emt 0:00:41]} Rxb2+ {[%emt 0:00:33]} 36. Rxb2 {[%emt 0:00:10]} Rxb2+ {[%emt 0:00:02]} 37. Qxb2 {[%emt 0:00:05]} Nxb2 {[%emt 0:00:01]} 38. Rh1 {[%emt 0:01:32]} Qb5 {[%emt 0:00:30]} 39. Rxh7 {[%emt 0:01:00]} Qb3+ {[%emt 0:00:48]} 40. Ka1 {[%emt 0:00:00]} Qxc3 {[%emt 0:00:00]} 0-1

[Event "46th GRE-chT Premier 2018"]
[Site "Rio Achaia"]
[Date "2018.07.12"]
[Round "4"]
[White "Vatkali, Dimitra"]
[Black "Antoniadou, Paraskevi"]
[Result "0-1"]
[WhiteElo "1979"]
[BlackElo "1764"]
[Annotator "NA"]
[PlyCount "80"]
[EventDate "2018.07.10"]
[EventType "team-tourn"]
[EventCountry "GRE"]
[SourceTitle "playchess.com"]
[Source "ChessBase"]
[SourceQuality "1"]
[TimeControl "40/5400+30:1800+30"]

1. e4 {[%emt 0:00:00]} e5 {[%emt 0:00:00]} 2. Nf3 {[%emt 0:00:00]} Nc6 {[%emt 0:00:00]} 3. Bc4 {[%emt 0:00:00]} Bc5 {[%emt 0:00:00]} 4. c3 {[%emt 0:00:16]} Nf6 {[%emt 0:00:05]} 5. d3 {[%emt 0:00:06]} d6 {[%emt 0:00:13]} 6. b4 {[%emt 0:00:17]} Bb6 {[%emt 0:00:21]} 7. a4 {[%emt 0:00:07]} a6 {[%emt 0:00:18]} 8. O-O {[%emt 0:00:25]} h6 {[%emt 0:01:33]} 9. Re1 {[%emt 0:09:12]} O-O {[%emt 0:00:40]} 10. h3 {[%emt 0:07:51]} Ne7 {[%emt 0:02:25]} 11. Nbd2 {[%emt 0:04:54]} Ng6 {[%emt 0:00:52]} 12. Nf1 {[%emt 0:00:28]} Nh7 {[%emt 0:01:47]} 13. Ng3 {[%emt 0:15:44]} Qf6 {[%emt 0:02:32]} 14. Nh5 {[%emt 0:02:02]} Qe7 {[%emt 0:00:35]} 15. d4 {[%emt 0:07:03]} Ng5 {[%emt 0:10:13]} 16. Nxg5 {[%emt 0:20:26]} hxg5 {[%emt 0:00:09]} 17. Be3 {[%emt 0:14:22]} Nf4 {[%emt 0:04:48]} 18. dxe5 {[%emt 0:01:30]} dxe5 {[%emt 0:00:09]} 19. Bxb6 {[%emt 0:02:21]} cxb6 {[%emt 0:00:07]} 20. Nxf4 {[%emt 0:01:10]} gxf4 {[%emt 0:01:21]} 21. Bd5 {[%emt 0:00:39]} Qg5 {[%emt 0:08:55]} 22. Qf3 {[%emt 0:00:19]} Rb8 {[%emt 0:04:33]} 23. Red1 {[%emt 0:01:09]} g6 {[%emt 0:15:35]} 24. c4 {[%emt 0:00:13]} Kg7 {[%emt 0:02:25]} 25. a5 {[%emt 0:00:27]} Qf6 {[%emt 0:06:38]} 26. axb6 {[%emt 0:05:25]} Qxb6 {[%emt 0:00:34]} 27. Qc3 {[%emt 0:00:07]} Qf6 {[%emt 0:01:02]} 28. Rd3 {[%emt 0:02:04]} Rh8 {[%emt 0:05:16]} 29. c5 {[%emt 0:00:44]} Bd7 {[%emt 0:04:07]} 30. Bc4 {[%emt 0:01:37]} Bc6 {[%emt 0:00:49]} 31. Rd6 {[%emt 0:02:07]} Qg5 {[%emt 0:05:07]} 32. Bd5 {[%emt 0:01:36]} Bb5 {[%emt 0:00:48]} 33. Re1 {[%emt 0:00:56]} Qe7 {[%emt 0:06:15]} 34. Bc4 {[%emt 0:00:43]} Bxc4 {[%emt 0:02:30]} 35. Qxc4 {[%emt 0:00:01]} f3 {[%emt 0:01:04]} 36. Qc1 {[%emt 0:00:32]} Rxh3 {[%emt 0:06:49]} 37. Rd3 {[%emt 0:00:09]} Rh1+ {[%emt 0:01:35]} 38. Kxh1 {[%emt 0:00:03]} Qh4+ {[%emt 0:00:23]} 39. Kg1 {[%emt 0:00:05]} Rh8 {[%emt 0:00:04]} 40. Kf1 {[%emt 0:00:00]} Qh1# {[%emt 0:00:00]} 0-1

[Event "46th GRE-chT Premier 2018"]
[Site "Rio Achaia"]
[Date "2018.07.12"]
[Round "4"]
[White "Karapiperis, Alexandros"]
[Black "Gkonelas, Nikolaos"]
[Result "1/2-1/2"]
[WhiteElo "1973"]
[BlackElo "1917"]
[Annotator "NA"]
[PlyCount "66"]
[EventDate "2018.07.10"]
[EventType "team-tourn"]
[EventCountry "GRE"]
[SourceTitle "playchess.com"]
[Source "ChessBase"]
[SourceQuality "1"]
[TimeControl "40/5400+30:1800+30"]

1. e4 {[%emt 0:00:00]} e5 {[%emt 0:00:00]} 2. Nf3 {[%emt 0:00:00]} Nc6 {[%emt 0:00:00]} 3. d4 {[%emt 0:00:06]} exd4 {[%emt 0:00:00]} 4. Nxd4 {[%emt 0:00:06]} Nf6 {[%emt 0:00:06]} 5. Nxc6 {[%emt 0:00:21]} bxc6 {[%emt 0:00:13]} 6. e5 {[%emt 0:00:07]} Qe7 {[%emt 0:00:20]} 7. Qe2 {[%emt 0:00:11]} Nd5 {[%emt 0:00:10]} 8. c4 {[%emt 0:00:15]} Ba6 {[%emt 0:00:12]} 9. Nd2 {[%emt 0:00:18]} Nb6 {[%emt 0:06:27]} 10. b3 {[%emt 0:03:45]} g6 {[%emt 0:04:11]} 11. Bb2 {[%emt 0:07:38]} Bg7 {[%emt 0:00:35]} 12. O-O-O {[%emt 0:00:42]} O-O-O {[%emt 0:07:33]} 13. g3 {[%emt 0:06:18]} Rhe8 {[%emt 0:02:09]} 14. f4 {[%emt 0:04:46]} Kb8 {[%emt 0:16:13]} 15. Bg2 {[%emt 0:07:55]} Bb7 {[%emt 0:08:14]} 16. Qf2 {[%emt 0:07:02]} f6 {[%emt 0:07:33]} 17. Rhe1 {[%emt 0:05:33]} fxe5 18. fxe5 {[%emt 0:05:36]} Rf8 {[%emt 0:05:29]} 19. Qe3 {[%emt 0:02:17]} Rde8 {[%emt 0:02:04]} 20. Bd4 {[%emt 0:09:30]} Rf7 {[%emt 0:13:40]} 21. Nf3 {[%emt 0:07:39]} Qf8 {[%emt 0:06:01]} 22. c5 {[%emt 0:15:50]} Nd5 {[%emt 0:00:55]} 23. Qe4 {[%emt 0:00:45]} Rfe7 {[%emt 0:05:39]} 24. Bh3 {[%emt 0:04:33]} Ka8 {[%emt 0:06:39]} 25. Kb2 {[%emt 0:03:17]} Qh8 {[%emt 0:00:44]} 26. Rd2 {[%emt 0:00:56]} Ba6 {[%emt 0:02:06]} 27. Ka1 {[%emt 0:02:36]} Bb7 {[%emt 0:01:53]} 28. Kb2 {[%emt 0:00:27]} Ba6 {[%emt 0:00:12]} 29. Ka1 {[%emt 0:01:14]} Kb8 {[%emt 0:00:33]} 30. Kb2 {[%emt 0:01:00]} Bb7 {[%emt 0:00:24]} 31. Ka1 {[%emt 0:00:10]} Ka8 {[%emt 0:01:10]} 32. Kb2 {[%emt 0:02:39]} Bc8 {[%emt 0:01:17]} 33. Ka1 {[%emt 0:00:19]} Ba6 {[%emt 0:00:18]} 1/2-1/2

[Event "46th GRE-chT Premier 2018"]
[Site "Rio Achaia"]
[Date "2018.07.12"]
[Round "4"]
[White "Vozinaki, Anthi - Maria"]
[Black "Bichaki, Ourania"]
[Result "1-0"]
[WhiteElo "1971"]
[BlackElo "1099"]
[Annotator "NA"]
[PlyCount "53"]
[EventDate "2018.07.10"]
[EventType "team-tourn"]
[EventCountry "GRE"]
[SourceTitle "playchess.com"]
[Source "ChessBase"]
[SourceQuality "1"]
[TimeControl "40/5400+30:1800+30"]

1. e4 {[%emt 0:00:00]} c6 {[%emt 0:00:00]} 2. d4 {[%emt 0:00:00]} d5 {[%emt 0:00:00]} 3. Nc3 {[%emt 0:00:00]} dxe4 {[%emt 0:00:16]} 4. Nxe4 {[%emt 0:00:00]} Nd7 {[%emt 0:00:12]} 5. Nf3 {[%emt 0:00:06]} Ngf6 {[%emt 0:00:44]} 6. Nxf6+ {[%emt 0:00:12]} Nxf6 {[%emt 0:00:06]} 7. Bc4 {[%emt 0:00:11]} Bf5 {[%emt 0:01:27]} 8. O-O {[%emt 0:03:00]} e6 {[%emt 0:03:51]} 9. c3 {[%emt 0:00:29]} Bd6 {[%emt 0:10:35]} 10. Bg5 {[%emt 0:10:47]} O-O {[%emt 0:11:04]} 11. Re1 {[%emt 0:04:35]} Be7 {[%emt 0:05:27]} 12. Qe2 {[%emt 0:08:05]} Nd5 {[%emt 0:06:38]} 13. Bxe7 {[%emt 0:03:46]} Qxe7 {[%emt 0:00:55]} 14. Rad1 {[%emt 0:03:11]} Qf6 {[%emt 0:10:03]} 15. Ne5 {[%emt 0:03:58]} Qg5 {[%emt 0:06:58]} 16. Nf3 {[%emt 0:09:32]} Qg6 {[%emt 0:05:40]} 17. Nh4 {[%emt 0:04:19]} Nf4 {[%emt 0:10:51]} 18. Qf3 {[%emt 0:06:37]} Qg5 {[%emt 0:03:52]} 19. Nxf5 {[%emt 0:00:28]} exf5 {[%emt 0:04:15]} 20. Re5 {[%emt 0:04:50]} Rfe8 {[%emt 0:02:42]} 21. Rde1 {[%emt 0:02:05]} Kf8 {[%emt 0:02:12]} 22. R1e3 {[%emt 0:21:31]} f6 {[%emt 0:03:56]} 23. h4 {[%emt 0:03:13]} Qxh4 {[%emt 0:03:28]} 24. Rxf5 {[%emt 0:01:54]} Rxe3 {[%emt 0:02:24]} 25. Qxe3 {[%emt 0:02:50]} Ng6 {[%emt 0:02:30]} 26. Qe6 {[%emt 0:01:06]} Ne7 {[%emt 0:01:07]} 27. Qf7# {[%emt 0:00:10]} 1-0

[Event "46th GRE-chT Premier 2018"]
[Site "Rio Achaia"]
[Date "2018.07.12"]
[Round "4"]
[White "Moshovakis, Aggelos"]
[Black "Apostolakakis, Konstantinos"]
[Result "0-1"]
[WhiteElo "1964"]
[BlackElo "2028"]
[Annotator "NA"]
[PlyCount "106"]
[EventDate "2018.07.10"]
[EventType "team-tourn"]
[EventCountry "GRE"]
[SourceTitle "playchess.com"]
[Source "ChessBase"]
[SourceQuality "1"]
[TimeControl "40/5400+30:1800+30"]

1. e4 {[%emt 0:00:00]} c5 {[%emt 0:00:00]} 2. Nf3 {[%emt 0:00:00]} d6 {[%emt 0:00:00]} 3. Bb5+ {[%emt 0:00:00]} Nd7 {[%emt 0:00:20]} 4. O-O {[%emt 0:00:00]} a6 {[%emt 0:00:11]} 5. Bd3 {[%emt 0:00:00]} Ngf6 {[%emt 0:00:30]} 6. Re1 {[%emt 0:00:02]} e6 {[%emt 0:00:25]} 7. c3 {[%emt 0:00:12]} Be7 {[%emt 0:00:24]} 8. Bc2 {[%emt 0:00:27]} b5 {[%emt 0:01:16]} 9. d4 {[%emt 0:00:31]} Bb7 {[%emt 0:00:30]} 10. Nbd2 {[%emt 0:01:34]} Qc7 {[%emt 0:01:19]} 11. Nf1 {[%emt 0:01:11]} O-O {[%emt 0:04:08]} 12. Ng3 {[%emt 0:00:20]} Rac8 {[%emt 0:00:35]} 13. Bd3 {[%emt 0:02:00]} Rfe8 {[%emt 0:05:28]} 14. Bd2 {[%emt 0:05:38]} Bf8 {[%emt 0:05:37]} 15. Rc1 {[%emt 0:08:53]} g6 {[%emt 0:03:52]} 16. h4 {[%emt 0:03:22]} Qb8 {[%emt 0:04:58]} 17. h5 {[%emt 0:02:58]} cxd4 {[%emt 0:00:57]} 18. cxd4 {[%emt 0:00:28]} Rxc1 {[%emt 0:03:51]} 19. Bxc1 {[%emt 0:01:19]} e5 {[%emt 0:00:22]} 20. d5 {[%emt 0:02:21]} Nc5 {[%emt 0:09:42]} 21. Bg5 {[%emt 0:14:55]} Be7 {[%emt 0:30:28]} 22. Bc2 {[%emt 0:10:09]} b4 {[%emt 0:06:09]} 23. hxg6 {[%emt 0:01:51]} fxg6 {[%emt 0:01:58]} 24. Qd2 {[%emt 0:00:51]} Bc8 {[%emt 0:02:09]} 25. Nh4 {[%emt 0:06:45]} a5 {[%emt 0:03:26]} 26. Rf1 {[%emt 0:08:34]} Qa7 {[%emt 0:01:02]} 27. Kh1 {[%emt 0:02:32]} Rf8 {[%emt 0:05:35]} 28. Bh6 {[%emt 0:07:13]} Rf7 {[%emt 0:00:20]} 29. Bg5 {[%emt 0:00:35]} Rf8 {[%emt 0:00:08]} 30. f4 {[%emt 0:05:58]} Nh5 {[%emt 0:03:11]} 31. Nhf5 {[%emt 0:02:46]} Bxf5 {[%emt 0:02:49]} 32. Nxh5 {[%emt 0:00:06]} Bxe4 {[%emt 0:01:02]} 33. Bxe7 {[%emt 0:05:00]} Qxe7 34. Bxe4 {[%emt 0:00:05]} Qh4+ {[%emt 0:02:47]} 35. Kg1 {[%emt 0:00:03]} Nxe4 {[%emt 0:00:33]} 36. Qe3 {[%emt 0:00:05]} gxh5 {[%emt 0:01:03]} 37. Qxe4 {[%emt 0:00:10]} Rxf4 {[%emt 0:00:04]} 38. Qc2 {[%emt 0:01:45]} Rxf1+ {[%emt 0:00:34]} 39. Kxf1 {[%emt 0:00:01]} Qf4+ {[%emt 0:00:10]} 40. Ke1 {[%emt 0:00:00]} Qe3+ {[%emt 0:00:00]} 41. Kf1 {[%emt 0:01:05]} Qc5 {[%emt 0:02:44]} 42. Qd2 {[%emt 0:04:13]} Qc4+ {[%emt 0:01:21]} 43. Ke1 {[%emt 0:00:07]} Qe4+ {[%emt 0:02:10]} 44. Kd1 {[%emt 0:01:28]} Qd4 {[%emt 0:01:11]} 45. Qxd4 {[%emt 0:00:07]} exd4 {[%emt 0:00:00]} 46. Kd2 {[%emt 0:00:08]} Kf7 {[%emt 0:00:04]} 47. Kd3 {[%emt 0:00:05]} Kf6 {[%emt 0:00:05]} 48. Kxd4 {[%emt 0:00:07]} Kf5 {[%emt 0:00:23]} 49. Kc4 {[%emt 0:00:56]} Ke4 {[%emt 0:00:52]} 50. Kb5 {[%emt 0:02:36]} Kxd5 {[%emt 0:00:46]} 51. Kxa5 {[%emt 0:00:14]} Kc4 {[%emt 0:01:28]} 52. b3+ {[%emt 0:04:48]} Kc3 {[%emt 0:00:31]} 53. Kb5 {[%emt 0:00:18]} d5 {[%emt 0:00:05]} 0-1

[Event "46th GRE-chT Premier 2018"]
[Site "Rio Achaia"]
[Date "2018.07.12"]
[Round "4"]
[White "Karaboikis, Spiridon"]
[Black "Kalofonos, Panayotis"]
[Result "1/2-1/2"]
[WhiteElo "1942"]
[BlackElo "1896"]
[Annotator "NA"]
[PlyCount "70"]
[EventDate "2018.07.10"]
[EventType "team-tourn"]
[EventCountry "GRE"]
[SourceTitle "playchess.com"]
[Source "ChessBase"]
[SourceQuality "1"]
[TimeControl "40/5400+30:1800+30"]

1. d4 {[%emt 0:00:00]} d5 {[%emt 0:05:19]} 2. Bf4 {[%emt 0:00:00]} Nf6 {[%emt 0:00:06]} 3. e3 {[%emt 0:00:00]} c5 {[%emt 0:00:26]} 4. c3 {[%emt 0:00:00]} Nc6 {[%emt 0:00:26]} 5. Nd2 {[%emt 0:00:47]} Bf5 {[%emt 0:01:45]} 6. Qb3 {[%emt 0:00:20]} Qc8 {[%emt 0:00:43]} 7. Ngf3 {[%emt 0:00:30]} h6 {[%emt 0:02:18]} 8. h3 {[%emt 0:02:12]} e6 {[%emt 0:00:33]} 9. Be2 {[%emt 0:02:38]} c4 {[%emt 0:02:04]} 10. Qd1 {[%emt 0:01:18]} Be7 {[%emt 0:00:28]} 11. b4 {[%emt 0:04:45]} a6 {[%emt 0:26:41]} 12. O-O {[%emt 0:04:08]} b5 {[%emt 0:01:30]} 13. Ne5 {[%emt 0:07:12]} Nxe5 {[%emt 0:01:38]} 14. Bxe5 {[%emt 0:01:36]} a5 {[%emt 0:01:39]} 15. a3 {[%emt 0:00:33]} O-O {[%emt 0:10:03]} 16. Re1 {[%emt 0:13:54]} Ne4 {[%emt 0:06:05]} 17. Nxe4 {[%emt 0:00:27]} Bxe4 {[%emt 0:00:09]} 18. Bf3 {[%emt 0:00:30]} Bxf3 {[%emt 0:00:40]} 19. Qxf3 {[%emt 0:00:10]} f6 {[%emt 0:05:29]} 20. Bg3 {[%emt 0:01:41]} f5 {[%emt 0:00:07]} 21. Be5 {[%emt 0:03:10]} Qd7 {[%emt 0:06:02]} 22. Qh5 {[%emt 0:02:40]} Kh7 {[%emt 0:01:24]} 23. f4 {[%emt 0:06:21]} Ra7 {[%emt 0:06:50]} 24. Rac1 {[%emt 0:28:57]} axb4 {[%emt 0:00:47]} 25. axb4 {[%emt 0:00:06]} Ra3 {[%emt 0:03:33]} 26. Re2 {[%emt 0:02:01]} g6 {[%emt 0:07:12]} 27. Qf3 {[%emt 0:00:05]} Rfa8 {[%emt 0:02:14]} 28. g4 {[%emt 0:01:37]} Bd6 {[%emt 0:01:15]} 29. gxf5 {[%emt 0:03:58]} gxf5 {[%emt 0:00:08]} 30. Rg2 {[%emt 0:00:12]} Bxe5 {[%emt 0:00:11]} 31. fxe5 {[%emt 0:00:51]} Qf7 {[%emt 0:00:06]} 32. Kh2 {[%emt 0:00:39]} Rg8 {[%emt 0:03:06]} 33. Rxg8 {[%emt 0:04:46]} Qxg8 {[%emt 0:00:15]} 34. Rc2 {[%emt 0:00:08]} Ra1 {[%emt 0:03:31]} 35. Rg2 {[%emt 0:00:05]} Qf7 {[%emt 0:00:06]} 1/2-1/2

[Event "46th GRE-chT Premier 2018"]
[Site "Rio Achaia"]
[Date "2018.07.12"]
[Round "4"]
[White "Konstantelias, Konstantinos"]
[Black "Pappas, Andreas"]
[Result "1-0"]
[WhiteElo "1942"]
[BlackElo "2019"]
[Annotator "NA"]
[PlyCount "109"]
[EventDate "2018.07.10"]
[EventType "team-tourn"]
[EventCountry "GRE"]
[SourceTitle "playchess.com"]
[Source "ChessBase"]
[SourceQuality "1"]
[TimeControl "40/5400+30:1800+30"]

1. b3 e5 {[%emt 0:01:25]} 2. Bb2 {[%emt 0:00:00]} Nc6 {[%emt 0:00:07]} 3. e3 {[%emt 0:00:00]} d5 {[%emt 0:00:18]} 4. Bb5 {[%emt 0:00:00]} f6 {[%emt 0:00:13]} 5. Qh5+ {[%emt 0:15:04]} g6 {[%emt 0:00:42]} 6. Qh4 {[%emt 0:00:05]} Nh6 {[%emt 0:11:05]} 7. f4 {[%emt 0:06:14]} Nf5 {[%emt 0:01:44]} 8. Qf2 {[%emt 0:00:19]} exf4 {[%emt 0:19:11]} 9. Qxf4 {[%emt 0:01:28]} Bd6 {[%emt 0:01:51]} 10. Qf2 {[%emt 0:01:45]} O-O {[%emt 0:02:38]} 11. Bxc6 {[%emt 0:07:06]} bxc6 {[%emt 0:00:18]} 12. Ne2 {[%emt 0:00:34]} Qe7 {[%emt 0:04:45]} 13. Nbc3 {[%emt 0:20:27]} Bd7 {[%emt 0:04:39]} 14. O-O-O {[%emt 0:02:01]} Ba3 {[%emt 0:03:16]} 15. g4 {[%emt 0:01:21]} Bxb2+ {[%emt 0:01:07]} 16. Kxb2 {[%emt 0:00:03]} Nd6 {[%emt 0:00:09]} 17. Qg2 {[%emt 0:04:37]} a5 {[%emt 0:03:14]} 18. Ka1 {[%emt 0:06:01]} a4 {[%emt 0:01:49]} 19. Nxa4 {[%emt 0:07:01]} f5 {[%emt 0:26:40]} 20. g5 {[%emt 0:03:17]} Ne4 {[%emt 0:00:53]} 21. h4 {[%emt 0:10:23]} Qa3 {[%emt 0:05:07]} 22. Nac3 {[%emt 0:04:17]} f4 {[%emt 0:01:21]} 23. Nc1 {[%emt 0:07:21]} Nxc3 {[%emt 0:01:56]} 24. dxc3 {[%emt 0:00:04]} fxe3 {[%emt 0:00:17]} 25. Rhf1 {[%emt 0:00:24]} Bf5 {[%emt 0:02:41]} 26. h5 {[%emt 0:00:32]} Rae8 {[%emt 0:00:43]} 27. Rde1 {[%emt 0:01:04]} Qe7 {[%emt 0:01:26]} 28. hxg6 {[%emt 0:00:24]} hxg6 {[%emt 0:00:26]} 29. Kb2 {[%emt 0:01:02]} Qe5 {[%emt 0:02:02]} 30. Ne2 {[%emt 0:00:21]} c5 {[%emt 0:00:19]} 31. Rd1 {[%emt 0:01:01]} Be4 {[%emt 0:00:32]} 32. Qg3 {[%emt 0:00:33]} Qxg3 {[%emt 0:02:10]} 33. Nxg3 {[%emt 0:00:02]} Bg2 {[%emt 0:00:12]} 34. Rxf8+ {[%emt 0:00:59]} Rxf8 {[%emt 0:00:04]} 35. Re1 {[%emt 0:00:14]} d4 {[%emt 0:00:29]} 36. b4 {[%emt 0:01:12]} Rf3 {[%emt 0:00:06]} 37. Ne2 {[%emt 0:00:33]} Rf2 {[%emt 0:00:14]} 38. cxd4 {[%emt 0:00:16]} Bf3 {[%emt 0:00:20]} 39. Ng1 {[%emt 0:00:18]} cxd4 {[%emt 0:00:18]} 40. Nxf3 {[%emt 0:00:00]} Rxf3 {[%emt 0:00:00]} 41. Kb3 {[%emt 0:06:56]} e2+ {[%emt 0:18:31]} 42. Kc4 {[%emt 0:01:18]} Rc3+ {[%emt 0:00:13]} 43. Kxd4 {[%emt 0:00:04]} Rxc2 {[%emt 0:00:08]} 44. a4 {[%emt 0:00:03]} Kf7 {[%emt 0:01:19]} 45. a5 {[%emt 0:00:40]} c6 {[%emt 0:07:15]} 46. a6 {[%emt 0:09:03]} Ra2 {[%emt 0:00:53]} 47. Kc5 {[%emt 0:00:05]} Rxa6 {[%emt 0:00:41]} 48. Rxe2 {[%emt 0:00:04]} Ra4 {[%emt 0:01:48]} 49. Rf2+ {[%emt 0:00:13]} Kg7 {[%emt 0:00:11]} 50. Rd2 {[%emt 0:00:55]} Ra1 {[%emt 0:02:21]} 51. Kxc6 {[%emt 0:00:28]} Rc1+ {[%emt 0:00:15]} 52. Kb6 {[%emt 0:00:42]} Rg1 {[%emt 0:00:37]} 53. Rd5 {[%emt 0:00:04]} Rf1 {[%emt 0:00:09]} 54. b5 {[%emt 0:01:03]} Rf5 {[%emt 0:00:16]} 55. Kc6 {[%emt 0:00:09]} 1-0